| 000 | 01140cam a22003737a 4500 | ||
|---|---|---|---|
| 003 | CHAP | ||
| 005 | 20220817043715.0 | ||
| 008 | 000919d2000 it rr 00010 eng d | ||
| 010 | _a82280 | ||
| 011 | _a83252 | ||
| 020 | _a9251044406 | ||
| 035 | _a93763 | ||
| 040 | _cCHAP | ||
| 082 | 0 | 4 |
_a639.2 _bF3y v.152/3 |
| 110 | _aFAO | ||
| 245 | 1 | 0 |
_aInternational directory of fish technology institutes _c/by FAO |
| 250 | _a3 ed. rev. | ||
| 260 |
_aRome : _bFAO, _c2000. |
||
| 300 | _a158 p. | ||
| 410 | 2 | 1 | _aFAO |
| 490 | 0 |
_aDocumento técnico de pesca _v; 152/rev.3 |
|
| 590 |
_aBATCH-UPD _b10 _c20130110 _lUCH01 _h0351 |
||
| 590 |
_aBATCH-UPD _b10 _c20130110 _lUCH01 _h1906 |
||
| 590 |
_aBATCH-UPD _b10 _c20130410 _lUCH01 _h0024 |
||
| 590 |
_aBATCH-UPD _b10 _c20130914 _lUCH01 _h1214 |
||
| 590 |
_aCONVERSION _b10 _c20130109 _lUCH01 _h1346 |
||
| 650 | 1 | 4 |
_aPesca _xDirectorios. _987373 |
| 650 | 1 | 4 |
_aPesquería _xDirectorios. _987507 |
| 810 | 0 | _aFAO | |
| 830 | 0 | 0 |
_aDocumento técnico de pesca _v; 152/rev.3 _933242 |
| 901 | _aBK | ||
| 942 | _cLIBRO | ||
| 949 |
_a639.2 F3y v.152/3 _bBC _cFAO _d33724000787610 _eFAO1 _gDonaciØn _h98675 _i93763 _sb |
||
| 999 |
_c82280 _d82280 |
||